书目信息 |
| 题名: |
写小说的艺术
|
|
| 作者: | 考恩 著 ;董韵 , 李菱 译 | |
| 分册: | ||
| 出版信息: | 北京 中国人民大学出版社 2015.10 |
|
| 页数: | 247页 | |
| 开本: | 24cm | |
| 丛书名: | 创意写作书系 | |
| 单 册: | ||
| 中图分类: | I054 | |
| 科图分类: | ||
| 主题词: | 小说理论--xiao shuo li lun | |
| 电子资源: | ||
| ISBN: | 978-7-300-21839-7 | |
| 000 | 01187nam 2200313 450 | |
| 001 | 0100195201 | |
| 005 | 20201117084825.12 | |
| 010 | @a978-7-300-21839-7@dCNY39.00 | |
| 100 | @a20151023d2015 em y0chiy50 ea | |
| 101 | 1 | @achi@ceng |
| 102 | @aCN@b110000 | |
| 105 | @ay z 000yy | |
| 106 | @ar | |
| 200 | 1 | @a写小说的艺术@Axie xiao shuo de yi shu@f(英) 安德鲁·考恩著@F( ying ) an de lu kao en zhu@d= The art of writing fiction@fAndrew Cowan@g董韵, 李菱译@Gdong yun , li ling yi@zeng |
| 210 | @a北京@c中国人民大学出版社@d2015.10 | |
| 215 | @a247页@d24cm | |
| 225 | 2 | @a创意写作书系@Achuang yi xie zuo shu xi |
| 330 | @a本书以细腻、亲切的视角, 提供了极富实用性的创作技巧指导 —— 从记日记到编辑修改, 从创意的激发到语言的精妙使用, 以及对于掌握小说写作关键要素 (结构、人物、声音、场景) 的建议。 | |
| 410 | 0 | @12001 @a创意写作书系 |
| 500 | 10 | @aArt of writing fiction@mChinese |
| 540 | @a写小说的艺术 | |
| 606 | 0 | @a小说理论@Axiao shuo li lun |
| 690 | @aI054@v5 | |
| 701 | 1 | @a考恩@Akao en@g(Cowan, Andrew)@4著 |
| 702 | 0 | @a董韵@Adong yun@4译 |
| 702 | 0 | @a李菱@Ali ling@4译 |
| 801 | @aCN | |
| 901 | @a19 | |
| 905 | @a河南城建学院图书馆@b1274502-4@dI054@eK318@f3 | |
| 写小说的艺术/(英) 安德鲁·考恩著= The art of writing fiction/Andrew Cowan/董韵, 李菱译.-北京:中国人民大学出版社,2015.10 |
| 247页;24cm.-(创意写作书系) |
| ISBN 978-7-300-21839-7:CNY39.00 |
| 本书以细腻、亲切的视角, 提供了极富实用性的创作技巧指导 —— 从记日记到编辑修改, 从创意的激发到语言的精妙使用, 以及对于掌握小说写作关键要素 (结构、人物、声音、场景) 的建议。 |
| ● |
| 相关链接 |
|
|
|
正题名:写小说的艺术
索取号:I054/K318
 
预约/预借
| 序号 | 登录号 | 条形码 | 馆藏地/架位号 | 状态 | 备注 |
| 1 | 1274502 | 212745027 | 文学库108/108文学库 1排4列4层/ [索取号:I054/K318] | 在馆 | |
| 2 | 1274503 | 212745034 | 文学库108/108文学库 1排4列4层/ [索取号:I054/K318] | 在馆 | |
| 3 | 1274504 | 212745041 | 文学库108/108文学库 1排4列4层/ [索取号:I054/K318] | 在馆 |